Kontakt obchodný adresár firiem 1995/6 Košíc, Prešova a východoslovenského regiónu

Saved in:
Bibliographic Details
Format: Book
Language:Slovak
Published: Žilina Klub podnikateľov 1995
Edition:1. vyd.
Subjects:
Tags: Add Tag
No Tags, Be the first to tag this record!

MARC

LEADER 00000nam a2200000 4500
001 c010950
005 20221214071247.6
020 |a 80-85669-09-9 
041 0 |a slo 
044 |a SK 
245 1 0 |a Kontakt  |b obchodný adresár firiem 1995/6 Košíc, Prešova a východoslovenského regiónu 
250 |a 1. vyd. 
264 1 |a Žilina  |b Klub podnikateľov  |c 1995 
300 |a [80] s. 
610 2 0 |a firmy 
610 2 0 |a služby 
610 2 0 |a výrobky 
610 2 0 |a obchod 
610 2 0 |a podnikanie 
610 2 0 |a Slovensko 
610 2 0 |a Košice 
610 2 0 |a Prešov